[Event "Titled Tuesday intern op 03rd Jan Early"]
[Site "Chess.com INT"]
[Date "2023.01.03"]
[Round "3"]
[White "Mostbauer, Maximilian"]
[Black "Rosenberg, Evan"]
[Result "1-0"]
[WhiteElo "2192"]
[BlackElo "1931"]
[PlyCount "97"]
[EventDate "2023.01.03"]
[EventType "swiss (blitz)"]
[EventRounds "11"]
[EventCountry "USA"]
[SourceTitle "EXT 2024"]
[Source "ChessBase"]
[SourceDate "2023.10.10"]
[SourceVersion "1"]
[SourceVersionDate "2023.10.10"]
[SourceQuality "1"]

1. d4 d5 2. Nf3 Bf5 3. g3 e6 4. Bg2 Nf6 5. 0-0 h6 6. b3 c6 7. Bb2 Nbd7 8. Nbd2 Be7 9. c4 0-0 10. Ne5 Nxe5 11. dxe5 Nd7 12. e4 dxe4 13. Nxe4 Bxe4 14. Bxe4 Nc5 15. Bc2 Qc7 16. Qe2 Rad8 17. Rfd1 Rxd1+ 18. Rxd1 Rd8 19. Kg2 Rxd1 20. Qxd1 Qd8 21. Qxd8+ Bxd8 22. f4 g5 23. Bd4 Bb6 24. fxg5 hxg5 25. Be3 Nd7 26. Bxg5 Nxe5 27. h4 f5 28. Bd1 Kg7 29. Be7 a5 30. Bd6 Nf7 31. Bf4 e5 32. Bd2 Kf6 33. g4 f4 34. Kf3 Nd6 35. Bc2 a4 36. g5+ Kg7 37. h5 axb3 38. axb3 Bd4 39. h6+ Kh8 40. g6 Ne8 41. Kg4 Nf6+ 42. Kf5 Nh5 43. Ke6 f3 44. Kf7 e4 45. Bxe4 f2 46. Bd3 c5 47. Be3 f1Q+ 48. Bxf1 Bxe3 49. g7+ 1-0

[Event "Titled Tuesday intern op 20th Dec Early"]
[Site "Chess.com INT"]
[Date "2022.12.20"]
[Round "2"]
[White "Seo, Jung Min"]
[Black "Mostbauer, Maximilian"]
[Result "1-0"]
[WhiteElo "2502"]
[BlackElo "2192"]
[PlyCount "123"]
[EventDate "2022.12.20"]
[EventType "swiss (blitz)"]
[EventRounds "11"]
[EventCountry "USA"]
[SourceTitle "EXT 2024"]
[Source "ChessBase"]
[SourceDate "2023.10.10"]
[SourceVersion "1"]
[SourceVersionDate "2023.10.10"]
[SourceQuality "1"]

1. d4 e6 2. c4 b6 3. a3 Bb7 4. Nc3 Nf6 5. Qc2 d5 6. cxd5 Nxd5 7. e4 Nxc3 8. bxc3 Nd7 9. Nf3 c5 10. Bd3 cxd4 11. cxd4 Rc8 12. Qe2 Be7 13. 0-0 0-0 14. Bb2 Nf6 15. Rad1 Nh5 16. g3 Nf6 17. d5 exd5 18. e5 Nd7 19. e6 Nc5 20. exf7+ Rxf7 21. Bb1 Bf6 22. Ne5 Bxe5 23. Qxe5 Qe7 24. Qh5 g6 25. Qh6 Ne4 26. Qe3 Ng5 27. Qxe7 Rxe7 28. f4 Ne4 29. f5 gxf5 30. Rxf5 Rf8 31. Rxf8+ Kxf8 32. a4 Rf7 33. Bd4 Ke7 34. Bd3 Ke6 35. a5 bxa5 36. Bxa7 Bc6 37. Bd4 a4 38. Rc1 Bd7 39. Rc7 Rf3 40. Be2 Rf7 41. Bg4+ Kd6 42. Ra7 Be8 43. Ra6+ Kc7 44. Be6 Re7 45. Bxd5 Rd7 46. Be5+ Nd6 47. Rc6+ Kd8 48. Rxd6 a3 49. Rxd7+ Bxd7 50. Kf2 Bf5 51. Ke3 Bb1 52. Kf4 a2 53. g4 Ke7 54. h4 Kf8 55. Kg5 Ke7 56. Kh6 Kf8 57. g5 Ke7 58. h5 Kf8 59. Bc4 Ke7 60. Bg8 Kf8 61. Bxh7 a1Q 62. Bxa1 1-0

[Event "Titled Tuesday intern op 20th Dec Early"]
[Site "Chess.com INT"]
[Date "2022.12.20"]
[Round "4"]
[White "Soto Hernandez, Henry"]
[Black "Mostbauer, Maximilian"]
[Result "1-0"]
[WhiteElo "2483"]
[BlackElo "2192"]
[PlyCount "105"]
[EventDate "2022.12.20"]
[EventType "swiss (blitz)"]
[EventRounds "11"]
[EventCountry "USA"]
[SourceTitle "EXT 2024"]
[Source "ChessBase"]
[SourceDate "2023.10.10"]
[SourceVersion "1"]
[SourceVersionDate "2023.10.10"]
[SourceQuality "1"]

1. Nf3 e6 2. g3 b6 3. Bg2 Bb7 4. 0-0 Nf6 5. d4 g6 6. c4 Bg7 7. Nc3 Ne4 8. Bd2 0-0 9. Qc2 Nxd2 10. Qxd2 d6 11. Rfd1 a5 12. Rac1 Nd7 13. h4 h6 14. e3 Qe7 15. Ne1 Bxg2 16. Kxg2 f5 17. Nf3 Nf6 18. Qc2 Ng4 19. Ne2 e5 20. c5 g5 21. hxg5 hxg5 22. cxd6 cxd6 23. Qc7 Qf6 24. Qc4+ Rf7 25. Qd5 Raf8 26. dxe5 Nxe5 27. Nxe5 Qxe5 28. Qxe5 Bxe5 29. Rc6 f4 30. exf4 gxf4 31. Nxf4 Bxf4 32. gxf4 Rxf4 33. Rd2 Rg4+ 34. Kf1 Rb4 35. Rcxd6 Rff4 36. Rd7 Rf7 37. Rxf7 Kxf7 38. Ke2 Kf6 39. Rc2 Ke5 40. Ke3 Re4+ 41. Kf3 Rf4+ 42. Kg3 Rf6 43. Rc4 Kd5 44. Rh4 Rc6 45. f4 Ke4 46. Rh5 Rg6+ 47. Rg5 Rxg5+ 48. fxg5 Kf5 49. Kh4 Kg6 50. a4 Kg7 51. Kh5 Kh7 52. g6+ Kg7 53. Kg5 1-0

[Event "Titled Tuesday intern op 20th Dec Early"]
[Site "Chess.com INT"]
[Date "2022.12.20"]
[Round "1"]
[White "Zhalmakhanov, Ramazan"]
[Black "Mostbauer, Maximilian"]
[Result "0-1"]
[WhiteElo "2401"]
[BlackElo "2192"]
[PlyCount "136"]
[EventDate "2022.12.20"]
[EventType "swiss (blitz)"]
[EventRounds "11"]
[EventCountry "USA"]
[SourceTitle "EXT 2024"]
[Source "ChessBase"]
[SourceDate "2023.10.10"]
[SourceVersion "1"]
[SourceVersionDate "2023.10.10"]
[SourceQuality "1"]

1. d4 e6 2. Nf3 Nf6 3. Bf4 b6 4. e3 Bb7 5. Be2 g6 6. 0-0 Bg7 7. h3 0-0 8. a4 a5 9. Na3 d6 10. Bh2 Nbd7 11. Nb5 Ne4 12. c3 f5 13. Nd2 e5 14. Nxe4 Bxe4 15. Qb3+ Kh8 16. Qc4 Rc8 17. f3 Bb7 18. Rae1 e4 19. f4 Nf6 20. Qb3 Nd5 21. Bc4 Nf6 22. Be6 Rb8 23. d5 Nd7 24. Bxd7 Qxd7 25. c4 Bf6 26. Bg3 Qg7 27. Re2 Rf7 28. Be1 Ba6 29. Na7 Ra8 30. Nc6 Bb7 31. Nd4 Bxd4 32. exd4 Qxd4+ 33. Rff2 Qd3 34. Qxd3 exd3 35. Bc3+ Kg8 36. Re3 Kf8 37. Rd2 Re8 38. Rxe8+ Kxe8 39. Rxd3 Re7 40. Kf2 Bc8 41. b3 Kf7 42. Bd4 h6 43. Be3 Re4 44. Rd2 Bd7 45. Rc2 Kf6 46. Rd2 g5 47. g3 Kg6 48. Kf3 Re8 49. Rb2 g4+ 50. hxg4 fxg4+ 51. Kf2 Kf5 52. Rd2 h5 53. Rd1 Rh8 54. Rh1 Rh7 55. Bd2 Be8 56. Re1 Bd7 57. Kg2 Kf6 58. Bc3+ Kf7 59. Bd4 Bf5 60. Re2 h4 61. gxh4 Rxh4 62. Bf2 Rh3 63. Bg3 Rh8 64. Re3 Re8 65. Kf2 Rxe3 66. Kxe3 Bc2 67. Kd2 Bxb3 68. Kc3 Bxa4 0-1

[Event "Titled Tuesday intern op 26th Oct"]
[Site "Chess.com INT"]
[Date "2021.10.26"]
[Round "2"]
[White "Ardila, Oscar Humberto"]
[Black "Mostbauer, Maximilian"]
[Result "0-1"]
[WhiteElo "1988"]
[BlackElo "2211"]
[PlyCount "112"]
[EventDate "2021.10.26"]
[EventType "swiss (blitz)"]
[EventRounds "11"]
[EventCountry "USA"]
[SourceTitle "CBM 204 Extra"]
[Source "ChessBase"]
[SourceDate "2021.11.30"]
[SourceVersion "1"]
[SourceVersionDate "2021.11.30"]
[SourceQuality "1"]

1. e4 e6 2. d4 d5 3. Nc3 dxe4 4. Nxe4 Nd7 5. Nf3 Ngf6 6. Bg5 Be7 7. Nxf6+ Nxf6 8. Bd3 0-0 9. 0-0 c5 10. Re1 cxd4 11. Nxd4 Nd5 12. Qh5 g6 13. Bxe7 Qxe7 14. Qh6 Qf6 15. Re4 Qg7 16. Qh4 Bd7 17. Rae1 h5 18. Re5 Rad8 19. c3 Bc6 20. Bc2 Nf6 21. h3 Rd5 22. Qg3 Rfd8 23. Rxe6 Rxd4 24. Rxf6 Qxf6 25. cxd4 Rxd4 26. Qe3 Kg7 27. Bb3 Re4 28. Qc1 Rxe1+ 29. Qxe1 Qxb2 30. Qe7 Qc1+ 31. Kh2 Qf4+ 32. Kg1 a5 33. a4 Qf6 34. Qe3 g5 35. Kh2 Qf4+ 36. Qxf4 gxf4 37. Bc2 Kf6 38. h4 Ke5 39. Bd1 f6 40. Bxh5 Bxa4 41. Bf7 f5 42. h5 Kf6 43. Bc4 Kg5 44. Be2 b5 45. g3 fxg3+ 46. Kxg3 b4 47. f4+ Kh6 48. Bd3 Bd7 49. Kf3 a4 50. Ke3 b3 51. Kd2 Kxh5 52. Kc3 Kg4 53. Kb4 Kxf4 54. Bb1 Ke3 55. Ka3 f4 56. Bg6 f3 0-1

[Event "Titled Tuesday intern op 26th Oct"]
[Site "Chess.com INT"]
[Date "2021.10.26"]
[Round "1"]
[White "Mostbauer, Maximilian"]
[Black "Perez Ponsa, Federico"]
[Result "0-1"]
[WhiteElo "2211"]
[BlackElo "2554"]
[PlyCount "94"]
[EventDate "2021.10.26"]
[EventType "swiss (blitz)"]
[EventRounds "11"]
[EventCountry "USA"]
[SourceTitle "CBM 204 Extra"]
[Source "ChessBase"]
[SourceDate "2021.11.30"]
[SourceVersion "1"]
[SourceVersionDate "2021.11.30"]
[SourceQuality "1"]

1. d4 Nf6 2. Nf3 d5 3. g3 c6 4. Bg2 Bf5 5. 0-0 e6 6. b3 h6 7. Bb2 Be7 8. Nbd2 0-0 9. c4 Nbd7 10. Ne5 a5 11. a3 Qb6 12. Nxd7 Nxd7 13. e4 dxe4 14. Nxe4 Rfd8 15. d5 cxd5 16. cxd5 Bxe4 17. Bxe4 Nf6 18. Bxf6 Bxf6 19. Rb1 exd5 20. Bc2 Rac8 21. Kg2 g6 22. h4 h5 23. b4 Qc7 24. Bd3 b6 25. Qf3 Kg7 26. bxa5 bxa5 27. Rfd1 Qd6 28. a4 Rc3 29. Rb5 Rc5 30. Rxc5 Qxc5 31. Bb5 d4 32. Rd3 Rd5 33. Qe4 Qd6 34. Bc4 Rc5 35. Bb5 Rc7 36. Rf3 Re7 37. Qd3 Qe5 38. Qd2 Qc7 39. Rd3 Qb7+ 40. Kh2 Qc7 41. Qd1 Re4 42. Kg2 Qe5 43. Qf3 Re1 44. Rd1 Re4 45. Rd3 Rg4 46. Rd1 Bxh4 47. Qxf7+ Kxf7 0-1

[Event "Titled Tuesday intern op 05th Oct"]
[Site "Chess.com INT"]
[Date "2021.10.05"]
[Round "7"]
[White "Mostbauer, Maximilian"]
[Black "Gelman, Alexander"]
[Result "0-1"]
[WhiteElo "2211"]
[BlackElo "2403"]
[PlyCount "118"]
[EventDate "2021.10.05"]
[EventType "swiss (blitz)"]
[EventRounds "11"]
[EventCountry "USA"]
[SourceTitle "CBM 204 Extra"]
[Source "ChessBase"]
[SourceDate "2021.11.30"]
[SourceVersion "1"]
[SourceVersionDate "2021.11.30"]
[SourceQuality "1"]

1. d4 Nf6 2. Nf3 c5 3. g3 cxd4 4. Bg2 d6 5. 0-0 e6 6. Nxd4 a6 7. b3 Be7 8. Bb2 0-0 9. Nd2 Qc7 10. c4 Nbd7 11. Rc1 Ne5 12. N2f3 Ng6 13. h4 Bd7 14. Re1 Rac8 15. e4 Qb8 16. Ng5 h6 17. Nh3 b5 18. Bf1 bxc4 19. Bxc4 d5 20. exd5 exd5 21. h5 Bb4 22. hxg6 Bxe1 23. Nf4 Bxf2+ 24. Kxf2 dxc4 25. Nf3 c3 26. Bxc3 Ne4+ 27. Kg2 Bg4 28. gxf7+ Rxf7 29. Qd4 Nxc3 30. Ne5 Qb7+ 31. Kh2 Nb5 32. Rxc8+ Qxc8 33. Qd5 Qc2+ 34. Ng2 Bh5 35. Nxf7 Bxf7 36. Qd8+ Kh7 37. a4 Nc3 38. Qd4 Ne2 39. Qe3 Bxb3 40. Kh3 Bxa4 41. Nf4 Bd7+ 42. g4 Nxf4+ 43. Qxf4 Qd3+ 44. Kh2 Qe2+ 45. Kh3 Qxg4+ 46. Qxg4 Bxg4+ 47. Kh4 a5 48. Kg3 a4 49. Kh4 a3 50. Kg3 a2 51. Kf4 a1Q 52. Kg3 Qf6 53. Kh2 Bd7 54. Kg3 Kg6 55. Kh2 Kg5 56. Kg3 Qf4+ 57. Kg2 Kh4 58. Kg1 Qd2 59. Kf1 Kg3 0-1

[Event "Titled Tuesday intern op 04th May"]
[Site "Chess.com INT"]
[Date "2021.05.04"]
[Round "1"]
[White "Demidov, Mikhail"]
[Black "Mostbauer, Maximilian"]
[Result "1-0"]
[WhiteElo "2523"]
[BlackElo "2211"]
[PlyCount "47"]
[EventDate "2021.05.04"]
[EventType "swiss (blitz)"]
[EventRounds "11"]
[EventCountry "USA"]
[SourceTitle "CBM 202 Extra"]
[Source "ChessBase"]
[SourceDate "2021.07.31"]
[SourceVersion "1"]
[SourceVersionDate "2021.07.31"]
[SourceQuality "1"]

1. d4 e6 2. e4 d5 3. Nd2 dxe4 4. Nxe4 Nd7 5. Nf3 Ngf6 6. Bd3 Nxe4 7. Bxe4 Nf6 8. Bd3 c5 9. dxc5 Bxc5 10. 0-0 0-0 11. Qe2 b6 12. b3 Bb7 13. Bb2 Qe7 14. Rad1 h6 15. Bxf6 Qxf6 16. Be4 Bxe4 17. Qxe4 Rad8 18. g3 a5 19. Kg2 Rxd1 20. Rxd1 Rd8 21. Rxd8+ Qxd8 22. Qe2 Qf6 23. Ne5 Bxf2 24. Ng4 1-0

[Event "Chess.com Bullet op1"]
[Site "Chess.com INT"]
[Date "2020.12.19"]
[Round "4"]
[White "Hansch, Karsten"]
[Black "Mostbauer, Maximilian"]
[Result "0-1"]
[WhiteElo "2300"]
[BlackElo "2211"]
[PlyCount "100"]
[EventDate "2020.12.19"]
[EventType "swiss (blitz)"]
[EventRounds "21"]
[EventCountry "USA"]
[SourceTitle "EXT 2022"]
[Source "ChessBase"]
[SourceDate "2021.10.06"]
[SourceVersion "1"]
[SourceVersionDate "2021.10.06"]
[SourceQuality "1"]

1. e4 e6 2. d4 d5 3. exd5 exd5 4. Nf3 Nf6 5. Bd3 Bd6 6. Qe2+ Be6 7. 0-0 0-0 8. Ng5 Bg4 9. f3 Bh5 10. g4 Bg6 11. Bxg6 hxg6 12. Nc3 Re8 13. Qg2 c5 14. dxc5 Bxc5+ 15. Kh1 Nc6 16. Bf4 Nd4 17. Rad1 Qb6 18. Na4 Qa5 19. Nxc5 Qxc5 20. c3 Ne6 21. Nxe6 Rxe6 22. Rd2 Rae8 23. h4 Re1 24. Rxe1 Rxe1+ 25. Kh2 Qc4 26. Bg5 Qxa2 27. Bxf6 gxf6 28. h5 Qb1 29. hxg6 Qxg6 30. Qh3 Qg5 31. Rf2 Qf4+ 32. Kg2 Qc1 33. Qh2 Qd1 34. g5 Re2 35. Qb8+ Kh7 36. Qh2+ Kg8 37. Qb8+ Kh7 38. Qh2+ Kg7 39. gxf6+ Kxf6 40. Qh6+ Ke7 41. Qg5+ f6 42. Qg7+ Ke6 43. Qg8+ Kd7 44. Qf7+ Re7 45. Qxf6 Qb1 46. Qg5 Qh7 47. Qxd5+ Kc7 48. Qc5+ Kd7 49. Qd5+ Ke8 50. Qg5 Qg7 0-1

[Event "Chess.com Bullet op2"]
[Site "Chess.com INT"]
[Date "2020.12.19"]
[Round "5"]
[White "Mostbauer, Maximilian"]
[Black "Avila Pavas, Santiago"]
[Result "1-0"]
[WhiteElo "2211"]
[BlackElo "2399"]
[PlyCount "61"]
[EventDate "2020.12.19"]
[EventType "swiss (blitz)"]
[EventRounds "21"]
[EventCountry "USA"]
[SourceTitle "EXT 2022"]
[Source "ChessBase"]
[SourceDate "2021.10.06"]
[SourceVersion "1"]
[SourceVersionDate "2021.10.06"]
[SourceQuality "1"]

1. d4 Nf6 2. Nf3 d5 3. g3 Bf5 4. Bg2 e6 5. 0-0 h6 6. b3 Nbd7 7. Bb2 Be7 8. Nbd2 0-0 9. c4 c6 10. Ne5 b5 11. Nxc6 Qe8 12. Nxe7+ Qxe7 13. cxd5 exd5 14. Nf3 Nb6 15. Ne5 Be4 16. f3 Bh7 17. Rc1 Rac8 18. e3 Nfd7 19. Nxd7 Qxe3+ 20. Kh1 Nxd7 21. Bh3 Qe7 22. Re1 Qd6 23. Qd2 Rce8 24. Qa5 Nb6 25. Ba3 Qf6 26. Bxf8 Rxe1+ 27. Rxe1 Kxf8 28. Qxb5 g5 29. Qe8+ Kg7 30. Qe5 Nd7 31. Bxd7 1-0

[Event "Chess.com Bullet op1"]
[Site "Chess.com INT"]
[Date "2020.12.19"]
[Round "5"]
[White "Mostbauer, Maximilian"]
[Black "Mendes Domingues, Ribeiro Matheus"]
[Result "1-0"]
[WhiteElo "2211"]
[BlackElo "2133"]
[PlyCount "125"]
[EventDate "2020.12.19"]
[EventType "swiss (blitz)"]
[EventRounds "21"]
[EventCountry "USA"]
[SourceTitle "EXT 2022"]
[Source "ChessBase"]
[SourceDate "2021.10.06"]
[SourceVersion "1"]
[SourceVersionDate "2021.10.06"]
[SourceQuality "1"]

1. d4 d5 2. Nf3 e6 3. g3 Nf6 4. Bg2 Be7 5. 0-0 0-0 6. b3 c5 7. Bb2 cxd4 8. Nbd2 Nc6 9. Nxd4 a6 10. c4 dxc4 11. Nxc6 bxc6 12. Bxc6 c3 13. Bxc3 Rb8 14. Nc4 Bb7 15. Bxb7 Rxb7 16. Qxd8 Rxd8 17. Rac1 Nd5 18. Bb2 Nb4 19. Ba3 Nxa2 20. Bxe7 Rxe7 21. Ra1 Nb4 22. Ra4 Rb7 23. Na5 Rb5 24. Rfa1 Ra8 25. Nc4 h6 26. h4 Kh7 27. Kg2 Nc2 28. R1a2 Nd4 29. b4 Nc6 30. Rb2 a5 31. Nd2 Rxb4 32. Rbxb4 Nxb4 33. Nc4 Nc6 34. g4 Kg8 35. g5 hxg5 36. hxg5 Kf8 37. Nb6 Rb8 38. Nc4 Ke7 39. Nxa5 Nxa5 40. Rxa5 Rd8 41. Ra7+ Rd7 42. Ra6 Rd6 43. Ra7+ Rd7 44. Ra4 Rd5 45. f4 Rd7 46. Kf3 g6 47. e3 Rd5 48. Rc4 Rd7 49. Rc2 Rd6 50. Rf2 Rd7 51. Rg2 Rd6 52. Rg3 Rd7 53. f5 Rd6 54. f6+ Kd7 55. Kf4 e5+ 56. Kxe5 Rc6 57. Kf4 Rc5 58. e4 Rc6 59. Re3 Ke6 60. e5 Rd6 61. Re4 Rc6 62. Rd4 Rc5 63. Rd6# 1-0

[Event "Chess.com Bullet op1"]
[Site "Chess.com INT"]
[Date "2020.12.19"]
[Round "14"]
[White "Spyropoulos, Nikolaos"]
[Black "Mostbauer, Maximilian"]
[Result "0-1"]
[WhiteElo "2425"]
[BlackElo "2211"]
[PlyCount "102"]
[EventDate "2020.12.19"]
[EventType "swiss (blitz)"]
[EventRounds "21"]
[EventCountry "USA"]
[SourceTitle "EXT 2022"]
[Source "ChessBase"]
[SourceDate "2021.10.06"]
[SourceVersion "1"]
[SourceVersionDate "2021.10.06"]
[SourceQuality "1"]

1. e4 e6 2. d4 d5 3. Nc3 dxe4 4. Nxe4 Nd7 5. Nf3 Ngf6 6. Nxf6+ Nxf6 7. Bg5 c5 8. Bd3 cxd4 9. 0-0 h6 10. Bh4 Be7 11. Nxd4 0-0 12. Nf3 Nd5 13. Bg3 b6 14. Be4 Bb7 15. c3 Qc8 16. Qe2 Nf6 17. Bc2 Ba6 18. Bd3 Bxd3 19. Qxd3 Rd8 20. Qe2 Qc5 21. Rad1 a5 22. Ne5 a4 23. Qf3 a3 24. b3 Rac8 25. c4 b5 26. cxb5 Qxb5 27. Rxd8+ Rxd8 28. Nc6 Rd7 29. Nxe7+ Rxe7 30. Bh4 Qf5 31. Qxf5 exf5 32. Bxf6 gxf6 33. Ra1 Re2 34. g3 Rb2 35. Kg2 Kf8 36. Kf3 Ke7 37. h4 Kd6 38. Rd1+ Kc5 39. Rd7 Rxa2 40. Rxf7 Rb2 41. Rxf6 Rxb3+ 42. Kf4 Kb5 43. Rxf5+ Kb4 44. Rf8 a2 45. Ra8 Ra3 46. Rb8+ Kc3 47. Rc8+ Kd2 48. Rd8+ Ke2 49. Re8+ Kf1 50. Rb8 a1Q 51. Rb1+ Qxb1 0-1

[Event "Titled Tuesday intern op 01st Dec"]
[Site "Chess.com INT"]
[Date "2020.12.01"]
[Round "2"]
[White "Ivanisevic, Ivan"]
[Black "Mostbauer, Maximilian"]
[Result "0-1"]
[WhiteElo "2608"]
[BlackElo "2211"]
[PlyCount "120"]
[EventDate "2020.12.01"]
[EventType "swiss (blitz)"]
[EventRounds "11"]
[EventCountry "USA"]
[SourceTitle "CBM 199 Extra"]
[Source "ChessBase"]
[SourceDate "2021.01.31"]
[SourceVersion "1"]
[SourceVersionDate "2021.01.31"]
[SourceQuality "1"]

1. d4 e6 2. Nf3 Nf6 3. c4 b6 4. e3 Bb7 5. Bd3 g6 6. Nc3 Bg7 7. e4 d6 8. 0-0 Nbd7 9. Re1 e5 10. h3 0-0 11. Bg5 exd4 12. Nxd4 Nc5 13. Bc2 Ne6 14. Be3 Re8 15. f3 Nh5 16. Nde2 Be5 17. Qd2 Qf6 18. Rf1 Nef4 19. Nxf4 Nxf4 20. g3 Ne6 21. Kg2 Bd4 22. Rae1 Bxe3 23. Rxe3 a5 24. b3 Qd4 25. Qe1 Qg7 26. Rf2 Nd4 27. Bd3 Re7 28. Nd5 Bxd5 29. cxd5 Rae8 30. Qd2 f5 31. Re1 fxe4 32. Rxe4 Nf5 33. Rfe2 Rxe4 34. Bxe4 Qe5 35. f4 Qf6 36. Bf3 Rxe2+ 37. Qxe2 Kf7 38. Bg4 h5 39. Bxf5 Qxf5 40. Qf3 Qc2+ 41. Kg1 Qc1+ 42. Kg2 Qb2+ 43. Qf2 Qb1 44. Qe2 Qf5 45. Qc4 Qd7 46. Kf3 Qe7 47. g4 h4 48. g5 Qe1 49. Qe4 Qh1+ 50. Ke3 Qxh3+ 51. Kd4 Qd7 52. f5 Qxf5 53. Qxh4 Qe5+ 54. Kc4 Qe2+ 55. Kc3 Qe5+ 56. Kc4 Qg7 57. Qf2+ Ke7 58. Kb5 Kd8 59. Qf4 Qd7+ 60. Ka6 Kc8 0-1

[Event "Titled Tuesday intern op 17th Nov"]
[Site "Chess.com INT"]
[Date "2020.11.17"]
[Round "4"]
[White "Aditya, Mittal"]
[Black "Mostbauer, Maximilian"]
[Result "1-0"]
[WhiteElo "2438"]
[BlackElo "2211"]
[PlyCount "57"]
[EventDate "2020.11.17"]
[EventType "swiss (blitz)"]
[EventRounds "11"]
[EventCountry "USA"]
[SourceTitle "CBM 199 Extra"]
[Source "ChessBase"]
[SourceDate "2021.01.31"]
[SourceVersion "1"]
[SourceVersionDate "2021.01.31"]
[SourceQuality "1"]

1. Nf3 e6 2. g3 b6 3. Bg2 Bb7 4. 0-0 Nf6 5. c4 g6 6. b3 Bg7 7. Bb2 0-0 8. Nc3 Ne4 9. Qc2 Nxc3 10. Bxc3 d6 11. Rfe1 Nd7 12. e4 e5 13. d4 exd4 14. Bxd4 a5 15. Rad1 Bxd4 16. Nxd4 Re8 17. h3 Nc5 18. Nb5 Qe7 19. Nc3 Qf6 20. Kh2 h5 21. h4 Re7 22. a3 Rae8 23. b4 axb4 24. axb4 Ne6 25. e5 dxe5 26. Bxb7 Nd4 27. Nd5 Nf3+ 28. Kg2 Nxe1+ 29. Rxe1 1-0

[Event "Titled Tuesday intern op 17th Nov"]
[Site "Chess.com INT"]
[Date "2020.11.17"]
[Round "1"]
[White "Gavrilescu, David"]
[Black "Mostbauer, Maximilian"]
[Result "0-1"]
[WhiteElo "2476"]
[BlackElo "2211"]
[PlyCount "86"]
[EventDate "2020.11.17"]
[EventType "swiss (blitz)"]
[EventRounds "11"]
[EventCountry "USA"]
[SourceTitle "CBM 199 Extra"]
[Source "ChessBase"]
[SourceDate "2021.01.31"]
[SourceVersion "1"]
[SourceVersionDate "2021.01.31"]
[SourceQuality "1"]

1. e4 e6 2. d4 d5 3. Nc3 dxe4 4. Nxe4 Nd7 5. Nf3 Ngf6 6. Nxf6+ Nxf6 7. g3 b6 8. Bb5+ Bd7 9. Be2 Bc6 10. 0-0 Be7 11. Ne5 Bb7 12. Bb5+ Kf8 13. Bc6 Bxc6 14. Nxc6 Qd6 15. Qf3 Qd5 16. Qxd5 Nxd5 17. Bd2 Bd6 18. a4 a5 19. Rfe1 Nb4 20. Bxb4 Bxb4 21. c3 Bd6 22. b4 axb4 23. cxb4 Ke8 24. b5 Kd7 25. Kg2 h5 26. h4 g6 27. Red1 Rhe8 28. Rd3 Rec8 29. Ra2 Ke8 30. d5 exd5 31. Rxd5 Kd7 32. Rd3 Re8 33. Rf3 f5 34. Rb3 Re4 35. a5 bxa5 36. Nxa5 Bb4 37. f3 Rd4 38. Ra4 Rd2+ 39. Kh3 Bxa5 40. Rba3 Re8 41. Rxa5 Ree2 42. g4 f4 43. gxh5 gxh5 0-1

[Event "Titled Tuesday intern op 27th Oct"]
[Site "Chess.com INT"]
[Date "2020.10.27"]
[Round "3"]
[White "Yanchenko, Roman"]
[Black "Mostbauer, Maximilian"]
[Result "1-0"]
[WhiteElo "2467"]
[BlackElo "2203"]
[PlyCount "61"]
[EventDate "2020.10.27"]
[EventType "swiss (blitz)"]
[EventRounds "11"]
[EventCountry "USA"]
[SourceTitle "CBM 199 Extra"]
[Source "ChessBase"]
[SourceDate "2021.01.31"]
[SourceVersion "1"]
[SourceVersionDate "2021.01.31"]
[SourceQuality "1"]

1. d4 e6 2. Nf3 Nf6 3. Bg5 Be7 4. e3 b6 5. Bd3 Bb7 6. 0-0 Ne4 7. Bxe7 Qxe7 8. Nbd2 Nxd2 9. Nxd2 0-0 10. f4 f5 11. e4 fxe4 12. Nxe4 Nc6 13. c3 Nd8 14. Qh5 g6 15. Qh3 Nf7 16. Rae1 Nd6 17. Ng5 Rf6 18. c4 Raf8 19. g3 Nf5 20. Bxf5 Rxf5 21. a3 h5 22. Qh4 Qd6 23. Rd1 Qc6 24. Rd2 Rxg5 25. Qxg5 Qh1+ 26. Kf2 Qg2+ 27. Ke1 Qe4+ 28. Re2 Qb1+ 29. Kf2 Qd3 30. Qe5 Bf3 31. Re3 1-0